| 000 | 01097nam a2200229Ia 4500 | ||
|---|---|---|---|
| 003 | GCL | ||
| 005 | 20240530103424.0 | ||
| 008 | 140319s9999 xx 000 0 ara d | ||
| 040 |
_aGCL / _cGCL |
||
| 082 | 0 | 4 |
_a378.53/ _bن ك |
| 100 | 0 | _aنخبة من اساتذة التربية وعلم النفس | |
| 245 | 1 | 0 |
_aالكتاب السنوى فى التربية وعلم النفس . _nمج13، مج14، _pالتعليم الجامعى فى الوطن العربى / _cباقلام نخبة من اساتذة التربية وعلم النفس ؛ تحرير سعيد اسماعيل على |
| 260 |
_aالقاهرة : _bدار الفكر العربى ، _c1987 |
||
| 300 |
_aمتعدد ؛ _c24سم |
||
| 490 |
_aالمكتبة العربية للدراسات التربوية _v0 |
||
| 650 | 0 | 4 | _aالجامعات والكليات |
| 650 | 0 | 4 | _aالتعليم الجامعى - الوطن العربى |
| 650 | 0 | 4 | _aالتعليم الجامعى - مصر |
| 650 | 0 | 4 | _aالتعليم الجامعى - السعودية |
| 700 | 0 |
_aسعيد اسماعيل على _eمحرر |
|
| 942 |
_2ddc _cBK |
||
| 999 |
_c39228 _d39228 |
||